| 000 | 01286nam a2200337 4500 | ||
|---|---|---|---|
| 001 | 12046313 | ||
| 003 | OCoLC | ||
| 005 | 20240317212510.0 | ||
| 008 | 850517s1984 sp a j 000 1 spa d | ||
| 020 | _a8434812851 | ||
| 020 | _a9788434812857 | ||
| 040 |
_aAZU _beng _erda _cAZU _dJQF |
||
| 041 | _aspa | ||
| 100 | 1 | _aArmijo, Consuelo. | |
| 245 | 1 | 3 |
_aEl mono imitamonos / _cConsuelo Armijo ; [ilustraciones y cubierta, Alfonso Ruano] |
| 264 | 1 |
_aMadrid : _bEdiciones S.M., _c2004, c1984 |
|
| 300 |
_a58 pages : _billustrations, ; _c19 cm. |
||
| 336 |
_atext _btxt _2rdacontent. |
||
| 337 |
_aunmediated _bn _2rdamedia. |
||
| 338 |
_avolume _bnc _2rdacarrier. |
||
| 440 |
_aColeccion el barco de vapor; _n 7 |
||
| 490 | 1 | _aColeccion el barco de vapor. | |
| 520 | _aThis is a story about a monkey who imitated everyone. When he was separated from his mother and had to survive in a city full of people he madke friends with some children and their mother takes him in until his mother finds him and returns him to the jungle. | ||
| 650 | 0 |
_aMonkeys _vFiction. |
|
| 650 | 1 | _aSpanish language materials. | |
| 650 | 1 |
_aSpanish language materials _vFiction. |
|
| 655 | 7 |
_aFiction. _2lcgft. |
|
| 700 | 1 |
_aRuano, Alfonso, _eillustrator. |
|
| 830 | 0 | _aBarco de vapor. | |
| 942 | _cBK | ||
| 999 |
_c27040 _d27040 |
||